Κατάλογος Βιβλιοθηκών Mediterranean College

Εισαγωγή στις Ευρωπαϊκές Σπουδές / Οικονομική Ολοκλήρωση και Πολιτικές. (Record no. 3452)

MARC details
000 -LEADER
fixed length control field 02197cam a22002174a 4500
005 - ΗΜΕΡΟΜΗΝΙΑ ΚΑΙ ΩΡΑ ΤΕΛΕΥΤΑΙΑΣ ΕΝΗΜΕΡΩΣΗΣ
Πεδίο ελέγχου 20250605164115.0
008 - FIXED-LENGTH DATA ELEMENTS--GENERAL INFORMATION
Πεδίο ελέγχου σταθερού μήκους 250528s ||||||||||||||||||||||||d
035 ## - SYSTEM CONTROL NUMBER
System control number 18060
020 ## - ISBN
ISBN 9600802343
040 ## - ΠΗΓΗ ΚΑΤΑΛΟΓΟΓΡΑΦΗΣΗΣ
Φορέας πρωτότυπης καταλογογράφησης MC Athens Campus Library
Γλώσσα καταλογογράφησης Ελληνικά, Μοντέρνα (1453-)
Modifying agency MC Athens Campus Library
Κανόνες περιγραφικής καταλογογράφησης AACR2
245 1# - ΤΙΤΛΟΣ ΚΑΙ ΔΗΛΩΣΗ ΥΠΕΥΘΥΝΟΤΗΤΑΣ
Τίτλος Εισαγωγή στις Ευρωπαϊκές Σπουδές / Οικονομική Ολοκλήρωση και Πολιτικές.
Number of part/section of a work Τόμος Β'
260 ## - PUBLICATION, DISTRIBUTION, ETC.
Name of publisher, distributor, etc. Ι. Σιδέρης,
Date of publication, distribution, etc. 2001
300 ## - PHYSICAL DESCRIPTION
Extent 888
520 ## - SUMMARY, ETC.
Summary, etc. Προλεγόμενα, Ενιαία Αγορά, Τελωνειακές Ενώσεις και Ενιαία Αγορά, Απο την Τελωνειακή Ένωση στην Ενιαία Αγορά: Ιστορική Εξέλιξη, Νομικό Πλαίσιο της Ενιαίας Αγοράς: Θεμελιώδεις Ελευθερίες, Ο Ενιαίος Χρηματοπιστωτικός Χώρος, Πολιτικές Προώθησης της Ανταγωνιστικότητας, Ανταγωνιστικότητα στην Ευρωπαϊκή Ένωση, Η Πολιτική Ανταγωνισμού, Θαλάσσιες Μεταφορές, Οδικές και Πλωτές και Σιδηροδρομικές και Εναέριες Μεταφορές, Οικονομική και Νομισματική Ένωση, Θεωρία Νομισματικών Ενώσεων, Το Θεσμικό Πλαίσιο της Νομισματικής και Οικονομικής Ένωσης, ΟΝΕ και Δημοσιονομική Ενοποίηση, Πολιτικές Συνοχής και Ανάπτυξης, Η Κοινή Αγροτική Πολιτική, Η Εκπαιδευτική Πολιτικής της ΕΕ, Πολιτικές Ποιότητας Ζωής, Προστασία του Καταναλωτή, Προστασία του Περιβάλλοντος - Οικονομική Θεώρηση, Ευρετήριο Εννοιών - Προσώπων - Νομολογίας.
700 1# - ΠΡΟΣΘΕΤΗ ΑΝΑΓΡΑΦΗ--ΦΥΣΙΚΟ ΠΡΟΣΩΠΟ
Personal name Δημόπουλος Γεώργιος
9 (RLIN) 4347
700 1# - ΠΡΟΣΘΕΤΗ ΑΝΑΓΡΑΦΗ--ΦΥΣΙΚΟ ΠΡΟΣΩΠΟ
Personal name Μπαλτάς Νικόλαος
9 (RLIN) 4348
700 1# - ΠΡΟΣΘΕΤΗ ΑΝΑΓΡΑΦΗ--ΦΥΣΙΚΟ ΠΡΟΣΩΠΟ
Personal name Χασσίδ Ιωσήφ
9 (RLIN) 4349
942 ## - ADDED ENTRY ELEMENTS (KOHA)
Koha item type Books
Holdings
Τύπος τεκμηρίου Βιβλιοθήκη Τρέχουσα τοποθεσία Barcode Αριθμός εισαγωγής Ημερομηνία απόκτησης Ταξιθετικό σύμβολο Αριθμός αντιτύπου Κατάσταση απόσυρσης Κατάσταση χαμένου Κατάσταση κατεστραμμένου Μη δανεισμός Σύνολο δανεισμών Ημερομηνία τελευταίας εμφάνισης Η τιμή ισχύει από
Books MC Athens Campus Library MC Athens Campus Library 9780000034519 2243 05/06/2025 REF 341.2422 DIM V.B 1           05/06/2025 05/06/2025

MC Athens Campus Library
Πατησίων 94 & Κοδριγκτώνος 13, 104 34
Πελλήνης 8 & Πατησίων 107, 112 51
Τ: +30 210 8899600

MC Thessaloniki Campus Library
Ίωνος Δραγούμη 21, 54625 | Ίωνος Δραγούμη 15, 54625
Τ: +30 2310 287779 – Τ: +30 2314 440300